000 00851nam a2200229 i 4500
001 81323
003 ES-MaACL
005 20250902103428.0
007 t|
008 041104s1952 sp ||||1| spa d
100 1 _aHoyos Sáinz, Luis de,
_d1868-1951
_964437
245 1 0 _aRelación provincial de rendimiento agrícola y la densidad de población /
_cpor Luis de Hoyos Sáinz.
260 _aMadrid :
_b[s.n.,
_c1952] (
_fS. Aguirre)
300 _a14 p. ;
_c24 cm.
490 1 _aPublicaciones de la Real Sociedad Geográfica. Serie B ;
_v285.
650 0 0 _aAgricultura-
_zEspaña-
_vMapas.
_99681
650 4 _aDemografía-
_zEspaña.
_9151686
710 2 _aReal Sociedad Geográfica
_96403
830 1 _aPublicaciones de la Real Sociedad Geográfica. Serie B ;
_v285.
_9182685
852 _aES-MaACL
_j1989-F-17
999 _c81323
_d81323